Canadian Province Flags - Statistics

General Stats
  • This quiz has been taken 78 times
  • The average score is 12 of 13
Answer Stats
Picture Answer % Correct
Québec
100%
Alberta
95%
British Columbia
95%
Nova Scotia
95%
Ontario
95%
Yukon
93%
Newfoundland and Labrador
91%
Prince Edward Island
91%
Manitoba
90%
Northwest Territories
90%
Nunavut
90%
Saskatchewan
90%
New Brunswick
88%
No matching quizzes found
Score Distribution
Percent of People with Each Score
Percentile by Number Answered
Your Score History
You have not taken this quiz